| 000 | 01506cam a2200373Ia 4500 | ||
|---|---|---|---|
| 001 | 144520645 | ||
| 003 | OCoLC | ||
| 005 | 20240502205056.0 | ||
| 008 | 060826s2006 sp a j 000 1 spa d | ||
| 020 |
_a9788421692639 _q(pbk.) |
||
| 020 |
_a8421692631 _q(pbk.) |
||
| 040 |
_aBTCTA _beng _cBTCTA _dBAKER _dLPU _dSAP _dOCL _dOCLCF _dOCLCO _dOCLCQ _dOCLCO _dOCLCA _dCGL |
||
| 082 | 0 | 4 |
_aFIC _bGOMEZ CERDA |
| 100 | 1 | _aGomez Cerda, Alfredo. | |
| 245 | 1 | 3 |
_aLa gota de lluvia / _cAlfredo Gomez Cerda ; ilustracion, Victor Moreno ; taller de lectura, Ana Fabregat. |
| 250 | _a14. ed. | ||
| 260 |
_aMadrid : _bBruno, _c2006. |
||
| 300 |
_a57 pages : _bcolor illustrations ; _c20 cm. |
||
| 336 |
_atext _btxt _2rdacontent. |
||
| 337 |
_aunmediated _bn _2rdamedia. |
||
| 338 |
_avolume _bnc _2rdacarrier. |
||
| 490 | 1 |
_aAlta mar. Cuentos ; _v65. |
|
| 520 | _aEste libro ilustrado para ni©łos cuenta las aventuras de cuatro gotas de lluvia que caen a la Tierra. | ||
| 520 | _aThis illustrated book for children tells about the adventures of 4 drops of rain that fall to Earth. | ||
| 521 | _a"A partir de 6 a©łos"--Page [4] of cover. = 6 years old and up. | ||
| 586 | _aLista de honor, Premio CCEI, 1994. | ||
| 650 | 0 |
_aRaindrops _vJuvenile fiction. |
|
| 650 | 0 |
_aRain and rainfall _vJuvenile fiction. |
|
| 650 | 7 |
_aLluvia _vNovela infantil. _2bidex. |
|
| 655 | 0 | _aChildren's stories, Spanish. | |
| 700 | 1 |
_aMoreno, Victor, _eillustrator. |
|
| 830 | 0 |
_aAlta mar (Madrid, Spain). _pCuentos ; _v65. |
|
| 942 | _cBK | ||
| 999 |
_c29615 _d29613 |
||